Orff schulwerk reflections and direction (Record no. 16282)

MARC details
000 -LEADER
fixed length control field 00616nam a22001697a 4500
008 - FIXED-LENGTH DATA ELEMENTS--GENERAL INFORMATION
fixed length control field 170123b xxu||||| |||| 00| 0 eng d
020 ## - INTERNATIONAL STANDARD BOOK NUMBER
International Standard Book Number 1579999988
040 ## - CATALOGING SOURCE
Original cataloging agency KABU
Transcribing agency KABU
050 ## - LIBRARY OF CONGRESS CALL NUMBER
Classification number MT1
Item number .O74 2013 C.1
245 ## - TITLE STATEMENT
Title Orff schulwerk reflections and direction
Remainder of title proceeding of the symposium global connections in orff schulwerk
Statement of responsibility, etc. edited by Cecilia Chu Wang and Gregory Springer
260 ## - PUBLICATION, DISTRIBUTION, ETC. (IMPRINT)
Place of publication, distribution, etc. Chicago
Name of publisher, distributor, etc. GIA publications
Date of publication, distribution, etc. 2013
300 ## - PHYSICAL DESCRIPTION
Extent viii, 305 p.
650 ## - SUBJECT ADDED ENTRY--TOPICAL TERM
Topical term or geographic name as entry element Orff- Schulwerk
700 ## - ADDED ENTRY--PERSONAL NAME
Personal name Wang, Cecilia Chu
700 ## - ADDED ENTRY--PERSONAL NAME
Personal name Springer, Gregory
942 ## - ADDED ENTRY ELEMENTS (KOHA)
Source of classification or shelving scheme Library of Congress Classification
Koha item type General Collection
Classification part MT1 .O74 2013 C.1
Holdings
Withdrawn status Lost status Source of classification or shelving scheme Not for loan Home library Current library Shelving location Date acquired Cost, normal purchase price Total Checkouts Full call number Barcode Date last seen Copy number Price effective from Koha item type
    Library of Congress Classification   Kabarak, Main Campus Kabarak, Main Campus General Stacks 23/01/2017 14059.68   MT1 .O74 2013 C.1 026855 23/01/2017 C.1 23/01/2017 General Collection
Designed with assistance from East African Informatics Ltd